Großstädte der britischen Inseln - Statistiken

Allgemein
  • Dieses Quiz wurde 87 mal gespielt
  • Das Durchschnittsergebnis liegt bei 25 aus 87
Antwortstatistiken
Einwohnerzahl Land Stadt % Korrekt
8.888.608 England London
99%
576.561 England Liverpool
96%
1.263.219 Irland Dublin
95%
631.690 Schottland Glasgow
94%
560.392 England Manchester
92%
1.161.258 England Birmingham
89%
505.310 Schottland Edinburgh
89%
340.000 Nordirland Belfast
82%
349.780 Wales Cardiff
82%
515.947 England Leeds
76%
586.781 England Bristol
65%
525.142 England Sheffield
62%
196.220 Schottland Aberdeen
61%
487.837 England Leicester
59%
222.526 Irland Cork
58%
172.264 England Oxford
58%
156.135 England York
58%
306.573 England Nottingham
57%
266.934 England Southampton
57%
240.903 England Plymouth
46%
167.007 England Cambridge/Milton
44%
178.118 Wales Swansea
43%
146.840 Schottland Dundee
35%
200.996 England Norwich
34%
218.488 England Wolverhampton
34%
200.916 England Bournemouth
33%
241.623 England Portsmouth
33%
233.498 England Luton
32%
101.557 England Bath
30%
124.893 England Exeter
30%
102.287 Irland Limerick
29%
269.053 England Derby
28%
151.240 England Ipswich
28%
281.727 England Newcastle upon Tyne
27%
245.899 England Northampton
27%
242.572 England Reading
27%
170.134 England Sunderland
27%
148.150 England Blackpool
25%
355.703 England Coventry
23%
148.069 England Watford
23%
279.769 England Stoke-on-Trent
22%
370.185 England Bradford
19%
232.503 England Brighton and Hove
19%
139.383 Wales Newport
19%
179.959 England Middlesbrough
16%
105.491 England Worcester
16%
212.271 England Bolton
15%
138.753 England Colchester
15%
124.900 England Blackburn
14%
151.176 England Gloucester
14%
167.534 England Huddersfield
14%
192.943 England Milton Keynes
14%
189.561 England Peterborough
14%
201.669 England Swindon
14%
111.201 England Lincoln
13%
182.591 England Southend-on-Sea
13%
113.127 England Eastbourne
11%
113.566 England Doncaster
9%
295.179 England Kingston upon Hull
9%
129.794 England Salford
9%
175.100 England Slough
9%
119.587 England Cheltenham
8%
111.321 England Oldham
8%
160.778 England Poole
8%
155.570 England Telford
8%
145.208 England Birkenhead
6%
111.023 England Stockport
6%
173.365 England Warrington
6%
105.690 England Wigan
6%
120.091 England Chelmsford
5%
121.723 England Maidstone
5%
109.697 England Rotherham
5%
111.766 England Woking/Byfleet
5%
116.880 England Crawley
4%
107.897 England Gillingham
4%
106.591 England Saint Helens
4%
116.192 England Worthing
4%
117.341 England Basildon
3%
118.807 England Basingstoke
3%
115.720 England Gateshead
3%
103.212 England Hemel Hempstead
3%
127.856 England High Wycombe
3%
114.615 England Rochdale
3%
141.068 England Sale
3%
126.245 England Solihull
3%
109.766 England Wakefield
3%
109.899 England Royal Sutton Coldfield
0%
Keine übereinstimmenden Quizze gefunden
Verteilung der Resultate
Anzahl Personen mit jedem Resultat
Perzentil nach korrekt beantworteten Fragen
Ihre Resultats-Entwicklung
Sie haben dieses Quiz noch nicht gespielt